| 000 | 00751nam a2200241 a 4500 | ||
|---|---|---|---|
| 001 | 000018957 | ||
| 003 | OSt | ||
| 005 | 20200929165905.0 | ||
| 008 | 100521s2009 es c 000 f spa d | ||
| 020 | _a9788408088066 | ||
| 040 |
_aDO-SdBNP _bspa _cBNPHU |
||
| 082 |
_a863.64 _bS681a |
||
| 100 | 1 |
_aSofía, Marta, _d1977- _940791 |
|
| 245 | 1 | 0 |
_aÁgora / _cMarta Sofía. |
| 260 |
_aBarcelona : _bPlaneta _bBooket, _c2009. |
||
| 300 |
_a313 p. : _bil., retrs. ; _c20 cm. |
||
| 500 | _aIncluye datos biográficos de la autora en la solapa de la contracubierta | ||
| 500 | _aUna novela basada en la película de Alejandro Amenábar | ||
| 650 | 4 |
_aNovela española _91123 |
|
| 650 | 4 |
_aLiteratura española _9632 |
|
| 942 |
_2ddc _cLF1 |
||
| 956 | _aLOPEREZ | ||
| 999 |
_c18475 _d18475 |
||